[Event "CHN-ch Rapid Women 2018"]
[Site "Shenzhen"]
[Date "2018.06.06"]
[Round "4"]
[White "Song, Yuxin"]
[Black "Qiu, Mengjie"]
[Result "0-1"]
[WhiteElo "2182"]
[BlackElo "2242"]
[Annotator "TA"]
[PlyCount "102"]
[EventDate "2018.??.??"]
[EventType "rapid"]
[EventCountry "CHN"]
[SourceTitle "playchess.com"]
[Source "ChessBase"]
[SourceQuality "1"]

{[%evp 18,102,12,18,22,21,21,20,12,14,18,0,19,0,0,-30,-37,-25,8,-13,-10,0,40,0,0,0,0,0,0,-41,-62,-46,-10,-75,0,-4,0,0,0,-11,0,0,0,0,0,0,0,0,0,0,0,0,0,0,0,-5,0,-6,0,0,0,0,0,0,0,-3,0,-3,0,0,0,-18,0,0,0,0,0,0,0,0,0,-8,-7,-29983,-29984,-29982,-609]} 1. e4 c6 2. d4 d5 3. Nc3 dxe4 4. Nxe4 Bf5 5. Ng3 Bg6 6. h4 h6 7. Nf3 e6 8. Ne5 Bh7 9. Bd3 Bxd3 10. Qxd3 Nd7 {B19: Classical Caro-Kann: 4...Bf5 main line} 11. Bf4 Nxe5 12. Bxe5 Qa5+ {The position is equal.} 13. c3 Nf6 14. Ne4 {[#]} Be7 $146 ({Predecessor:} 14... Nxe4 15. Qxe4 Qd5 16. Qxd5 {½-½ (16) Kovalev,V (2560)-Sjugirov,S (2667) Moscow 2016}) 15. f3 O-O-O {With the idea ...Qxe5!} 16. Qe2 (16. Qc4 {feels hotter.} Nd5 17. Bxg7 Rh7 18. Be5 f6 19. Bh2) 16... Nxe4 17. Qxe4 Rhg8 18. b4 Qa3 19. Qc2 f6 20. Bf4 g5 21. hxg5 hxg5 22. Bc1 Qa6 23. Rh7 Bd6 24. Qe2 {Threatening Qxa6.} Bg3+ 25. Kd2 {[#]} (25. Kf1 $11) 25... Qxe2+ (25... Qa4 $1 $17 26. Qxe6+ Kb8) 26. Kxe2 $11 e5 27. Be3 Rge8 {Strongly threatening ...exd4.} 28. Kf1 (28. Kd3 {is more complex.} exd4 29. cxd4 a5 30. a3 a4 31. Rah1) 28... Rh8 29. Rxh8 Rxh8 {[%mdl 4096] Endgame KRB-KRB} 30. Ke2 a6 31. Rd1 Rh2 32. Rg1 Kd7 33. Kd3 b5 34. dxe5 Bxe5 35. c4 Ke6 36. cxb5 axb5 37. Rc1 Kd6 38. Rc2 Rh1 39. Rc1 Rh4 40. Rc2 Kd7 41. Bc5 Rh1 42. Be3 Rb1 43. Bc5 Ke6 44. Bf8 Kd7 45. Bc5 Rd1+ 46. Rd2 Rc1 47. Rc2 Rb1 48. Bf8 Bf4 49. Kc3 Rd1 {White must now prevent ...Be5+.} 50. Bc5 $2 {[%mdl 8192] [#]} (50. Re2 $11) 50... Be5+ 51. Kb3 Rd3+ {Precision: White = 43%, Black = 51%.} 0-1

[Event "CHN-ch Rapid Women 2018"]
[Site "Shenzhen"]
[Date "2018.06.06"]
[Round "4"]
[White "Zhang, Lanlin"]
[Black "Lei, Tingjie"]
[Result "0-1"]
[WhiteElo "2177"]
[BlackElo "2530"]
[Annotator "TA"]
[PlyCount "66"]
[EventDate "2018.??.??"]
[EventType "rapid"]
[EventCountry "CHN"]
[SourceTitle "playchess.com"]
[Source "ChessBase"]
[SourceQuality "1"]

{[%evp 17,66,16,29,23,28,-75,10,-40,-9,-25,3,-11,-9,-20,33,-29,0,-10,-7,-33,-17,-46,-9,-32,-36,-133,-156,-147,-131,-117,-44,-37,-39,-39,-41,-60,0,0,0,0,0,0,89,73,64,-671,-356,-29988,-29989,-29992,-1846]} 1. e4 e5 2. Nf3 Nc6 3. Bb5 a6 4. Ba4 d6 5. c3 g6 6. O-O Bg7 7. h3 Bd7 8. d4 Nf6 {C76: Spanische Partie (Moderne Steinitz-Verteidigung)} 9. d5 (9. Re1 O-O 10. Nbd2 h6 11. Nf1 Re8 12. Ng3 b5 13. Bc2 exd4 14. cxd4 Nb4 15. Bb1 c5 16. d5 a5 17. a3 Na6 18. Bf4 {1-0 (57) Ivanchuk,V (2726)-Mamedyarov,S (2799) Huaian 2017}) 9... Ne7 {LiveBook: 4 Partien} 10. Bc2 O-O {Weiß hat minimalen Vorteil.} 11. Nh2 $146 (11. c4 $11) ({Vorgänger:} 11. c4 Ne8 12. Bg5 f5 13. exf5 gxf5 14. Nc3 h6 15. Bh4 Nf6 {1-0 (40) Farago,S (2269)-Rajdeep,S (2312) Budapest 2017}) 11... Nh5 ({Besser ist} 11... c6 $17 {[%cal Rc6d5]} 12. dxc6 Bxc6) 12. c4 Nf4 13. Nc3 f5 14. Ne2 Nxe2+ 15. Qxe2 f4 ({Lieber} 15... c6 $11) 16. f3 (16. Bd3 $14) 16... g5 17. b4 h5 18. Ba3 Rf6 19. c5 Rg6 (19... Bb5 $5 {[%cal Rb5e2]} 20. Bd3 c6 $15) 20. Bb3 Kh7 21. cxd6 (21. Rfc1 $15) 21... cxd6 $17 22. Rfc1 Bf6 23. Rc3 {[#]} Kg7 (23... Ng8 $1 $17) 24. Rac1 $15 Rc8 25. Rxc8 Nxc8 26. Qc2 g4 ({Günstiger ist} 26... Kh6 $15) 27. fxg4 hxg4 28. Nxg4 Bxg4 29. hxg4 Ne7 (29... Qb6+ $11 30. Qf2 Qd8) 30. Qc7 $16 Qh8 {Und ...Dh4 würde nun gewinnen.} 31. b5 $2 {[%mdl 8192]} (31. Qxd6 Qh4 $17) (31. Bd1 $14 Rh6 32. Bf3 Rh1+ 33. Kf2 Bh4+ 34. Ke2 Rxc1 35. Bxc1) 31... Qh4 32. Qd7 $2 {[#]} ({Nur nicht} 32. Bxd6 $2 Qxg4 33. Qc2 f3 $17) (32. Qc2 $19 Rh6 33. Qd1 (33. Bxd6 $2 f3 $19)) 32... f3 33. Bb4 fxg2 {Precision: Weiß = 12%, Schwarz = 36%.} (33... Rh6 $142 34. Bc4 Qh2+ 35. Kf2 Qxg2+ 36. Ke3 Rh2 37. Be1 Bg5+ 38. Kd3 Qe2+ 39. Kc3 Qb2+ 40. Kd3 Qd4#) 0-1

[Event "CHN-ch Rapid Women 2018"]
[Site "Shenzhen"]
[Date "2018.06.06"]
[Round "4"]
[White "Yuan, Ye"]
[Black "Gu, Xiaobing"]
[Result "1-0"]
[WhiteElo "2159"]
[BlackElo "2306"]
[Annotator "TA"]
[PlyCount "115"]
[EventDate "2018.??.??"]
[EventType "rapid"]
[EventCountry "CHN"]
[SourceTitle "playchess.com"]
[Source "ChessBase"]
[SourceQuality "1"]

{[%evp 17,115,15,44,-23,42,20,56,29,30,23,66,73,70,64,75,73,84,79,56,33,32,39,68,0,3,0,0,0,0,0,0,0,0,0,0,0,17,17,22,19,332,330,316,316,316,316,316,316,316,316,350,350,335,345,341,349,339,245,245,245,245,245,245,245,245,245,245,245,245,227,227,227,1356,1315,2327,2378,974,847,29969,29944,5620,5310,5057,5056,4735,4367,1751,2115,29975,29975,29975,1765,1535,1302,29987,650,6126,6111,29989,29990]} 1. d4 Nf6 2. c4 g6 3. Nf3 Bg7 4. g3 O-O 5. Bg2 d6 6. O-O Nc6 7. Nc3 Rb8 8. Bf4 {E62: King's Indian: Fianchetto: 6...c6 and Panno Variation (6...Nc6) without ...a6} (8. b3 a6 9. d5 Na5 10. Bd2 c5 11. dxc6 Nxc6 12. Qc1 Bd7 13. Bh6 b5 14. Bxg7 Kxg7 15. cxb5 axb5 16. Qb2 Kg8 17. b4 Qb6 18. Rfd1 Rfc8 {½-½ (77) Inarkiev,E (2689)-Zhao,J (2604) Riadh 2017}) 8... a6 9. Rc1 h6 {LiveBook: 85 Games} 10. a3 (10. b3 $14) 10... Ng4 ({Better is} 10... g5 $11 11. Be3 Ng4) 11. d5 e5 $146 ({Predecessor:} 11... Nce5 12. h3 Nxf3+ 13. exf3 Ne5 14. Qe2 c5 15. b4 cxb4 16. axb4 {½-½ (51) Baasansuren,E (2221)-Bakalchuk,J (2382) Budapest 2017}) 12. dxe6 Bxe6 13. b3 b5 14. cxb5 axb5 15. Nd5 Bd7 16. h3 Nf6 17. Nxf6+ Qxf6 18. Nd2 Rb6 19. Ne4 Qb2 20. a4 (20. Rb1 $14 Qxa3 21. Bxh6 $1 {[%mdl 512]}) 20... Nd4 21. Rxc7 Nxe2+ 22. Kh2 {Threatens to win with Be3.} Nxf4 23. Rxd7 Nxg2 24. Kxg2 bxa4 25. bxa4 Rb4 26. Nxd6 Rd4 27. Qf3 $36 {[%mdl 2048] White has some pressure.} Qb6 $1 28. Nc8 $1 {[%cal Rc8b6]} Qb4 $2 {[%mdl 8192]} (28... Qc5 $11 29. Ne7+ Kh7) 29. Ne7+ $18 Kh8 {[#]} 30. Nc6 $1 {[%csl LRb4,LRd4,LRf7]} Qxa4 31. Ra7 ({And not} 31. Nxd4 Qxd7 32. Nc2 Rb8 $11) ({Not} 31. Rxd4 Bxd4 32. Qe4 Kh7 $16) 31... Qc4 32. Nxd4 Bxd4 33. Rd7 {Black must now prevent Qe4.} Be5 34. Re1 Bg7 35. Ree7 Kg8 36. h4 h5 37. Qd5 Qxd5+ 38. Rxd5 {[%mdl 4096] Endgame KRR-KRB} Bf6 39. Rb7 Kg7 40. Kh3 Bc3 41. f3 Be1 42. Rdd7 Kf6 43. g4 hxg4+ 44. fxg4 g5 $2 (44... Bc3 45. g5+ Kg7) 45. Rb6+ Kg7 46. hxg5 Rh8+ 47. Kg2 Rh4 48. Kf3 Rh3+ 49. Ke2 Ba5 50. Rf6 Bc3 51. Rdxf7+ Kg8 52. Rf5 Rg3 53. Rc7 Bg7 54. Rc4 (54. g6 $142 Rc3 55. Rff7 Rxc7 56. Rxc7 Kf8 57. Kf2 Bd4+ 58. Kf3 Be5 59. Rf7+ Kg8 60. Ke4) 54... Kh7 55. Rd5 Kg6 56. Kf2 (56. Rc6+ $142 Kf7 57. Rd7+ Kg8 58. g6 Bf8 59. Rc8 Rg2+ 60. Ke3 Rg3+ 61. Kf4) 56... Ra3 57. Rc6+ Kh7 58. g6+ {Precision: White = 59%, Black = 38%.} 1-0

[Event "CHN-ch Rapid Women 2018"]
[Site "Shenzhen"]
[Date "2018.06.06"]
[Round "4"]
[White "Zhao, Shengxin"]
[Black "Shen, Yang"]
[Result "1-0"]
[WhiteElo "2149"]
[BlackElo "2468"]
[Annotator "TA"]
[PlyCount "31"]
[EventDate "2018.??.??"]
[EventType "rapid"]
[EventCountry "CHN"]
[SourceTitle "playchess.com"]
[Source "ChessBase"]
[SourceQuality "1"]

{[%evp 14,31,6,0,0,0,0,0,0,-13,0,0,6,0,13,8,8,12,700,695]} 1. d4 d5 2. Bf4 c5 3. e3 Nc6 4. Nf3 cxd4 5. exd4 Bf5 6. c3 {B13: Caro-Kann (Abtausch-Variante 4.c4)} e6 7. Nbd2 Nf6 8. h3 {LiveBook: 3 Partien. Die Stellung ist ausgeglichen.} (8. Qb3 Bd6 9. Bg3 O-O 10. Be2 Rb8 11. a4 h6 12. O-O Bxg3 13. hxg3 {½-½ (56) Naiditsch,A (2705)-Riazantsev,A (2650) Riadh 2017}) 8... h6 9. Be2 Be7 10. O-O O-O 11. Qb3 $146 ({Vorgänger:} 11. Bh2 Re8 12. Ne5 Bd6 13. f4 Nd7 14. Ndf3 f6 15. Nxc6 bxc6 {1-0 (30) Tran,N-Hoang,M Vung Tau 2008}) 11... Qc8 12. Rfc1 Rd8 13. a4 b6 14. Ne5 {[%cal Bf3e5,Be5c6,Bc6e7][%mdl 32]} Bd6 15. Nxc6 Bxf4 $4 {[%mdl 8192] [#]} (15... Qxc6 $11 16. Bxd6 Qxd6) 16. Ne7+ {Precision: Weiß = 50%, Schwarz = 37%.} 1-0

[Event "CHN-ch Rapid Women 2018"]
[Site "Shenzhen"]
[Date "2018.06.06"]
[Round "4"]
[White "Liu, Hongyan"]
[Black "Li, Yunshan"]
[Result "1-0"]
[WhiteElo "2079"]
[BlackElo "2130"]
[Annotator "NA RC"]
[PlyCount "85"]
[EventDate "2018.??.??"]
[EventType "rapid"]
[EventCountry "CHN"]
[SourceTitle "playchess.com"]
[Source "ChessBase"]
[SourceQuality "1"]
[TimeControl "900+10"]

1. d4 Nf6 2. Nf3 g6 3. Bf4 Bg7 4. h3 d5 5. e3 O-O 6. Be2 c5 7. c3 b6 8. O-O Bb7 9. a4 Nc6 10. Bh2 e6 11. Na3 Ne4 12. Nd2 Nd6 13. dxc5 bxc5 14. Nb3 Ne4 15. f3 Nf6 16. Nxc5 Qb6 17. b4 Bc8 18. Nb5 e5 19. a5 Qd8 20. Kh1 Bh6 21. f4 exf4 22. exf4 Bf5 23. Bf3 Ne4 24. Nxe4 dxe4 25. Be2 Bg7 26. Qb3 Qd2 27. Qc4 Rac8 28. Rad1 Qe3 29. Bg1 Qg3 30. Bf2 Qxf4 31. Bc5 Qg3 32. Bf2 Qg5 33. Nd6 Ne5 34. Qb3 Rc7 35. c4 Be6 36. Nxe4 Qh6 37. Nc5 Bf5 38. Qg3 Rfc8 39. Be3 g5 40. Rxf5 Nc6 41. Rxg5 Nxb4 42. Rg4 Qf6 43. Bd4 1-0